Graph theory and its applications, second edition / (Record no. 29134)
[ view plain ]
| 000 -LEADER | |
|---|---|
| fixed length control field | 00720 a2200205 4500 |
| 020 ## - INTERNATIONAL STANDARD BOOK NUMBER | |
| International Standard Book Number | 158488505X |
| 020 ## - INTERNATIONAL STANDARD BOOK NUMBER | |
| International Standard Book Number | 9781584885054 |
| 082 04 - DEWEY DECIMAL CLASSIFICATION NUMBER | |
| Classification number | 511.5 |
| 090 ## - LOCALLY ASSIGNED LC-TYPE CALL NUMBER (OCLC); LOCAL CALL NUMBER (RLIN) | |
| -- | 503 |
| -- | 503 |
| 100 1# - MAIN ENTRY--PERSONAL NAME | |
| Personal name | Gross, Jonathan L. |
| 245 10 - TITLE STATEMENT | |
| Title | Graph theory and its applications, second edition / |
| Statement of responsibility, etc. | Jonathan L. Gross, Jay Yellen. |
| 250 ## - EDITION STATEMENT | |
| Edition statement | 2nd ed. |
| 260 ## - PUBLICATION, DISTRIBUTION, ETC. | |
| Place of publication, distribution, etc. | [S.l.] : |
| Name of publisher, distributor, etc. | Chapman and Hall/CRC, |
| Date of publication, distribution, etc. | 2005. |
| 300 ## - PHYSICAL DESCRIPTION | |
| Extent | 800 p. ; |
| Dimensions | 26 cm. |
| 490 1# - SERIES STATEMENT | |
| Series statement | Discrete mathematics and its applications. |
| 700 1# - ADDED ENTRY--PERSONAL NAME | |
| Personal name | Yellen, Jay. |
| 830 #0 - SERIES ADDED ENTRY--UNIFORM TITLE | |
| Uniform title | Discrete mathematics and its applications. |
| 942 ## - ADDED ENTRY ELEMENTS (KOHA) | |
| Institution code [OBSOLETE] | SNS |
| Koha item type | Book |
| Call number prefix | 511.5 GRO |
| Withdrawn status | Lost status | Source of classification or shelving scheme | Damaged status | Not for loan | Permanent Location | Current Location | Shelving location | Date acquired | Full call number | Barcode | Date last seen | Price effective from | Koha item type |
|---|---|---|---|---|---|---|---|---|---|---|---|---|---|
| Not For Loan | School of Natural Sciences (SNS) | School of Natural Sciences (SNS) | Reference | 05/26/2016 | 511.5 GRO | SNS0000438 | 05/26/2016 | 05/26/2016 | Book |
